Statistics for airports in scotland

Click here to take the quiz!

General Stats

  • This quiz has been taken 290 times
  • The average score is 6 of 8

Answer Stats

HintAnswer% Correct
7,715,998glasgow
100%
10,160,004edinburgh
99%
3,723,662aberdeen
96%
612,725inverness
91%
22,069dundee
88%
913,685prestwick
71%
145,897kirkwall
42%
129,481stornoway
40%

Score Distribution

Percentile by Number Answered

Percent of People with Each Score

Your Score History

You have not taken this quiz